[Event "Nizhnij Novgorod Dubinin Memorial 22nd"]
[Site "Nizhnij Novgorod"]
[Date "2015.??.??"]
[Round "3"]
[White "Kluev, Vladimir"]
[Black "Vlasov, Vladimir"]
[Result "1-0"]
[WhiteElo "2081"]
[BlackElo "1990"]
[PlyCount "57"]
[EventDate "2015.01.03"]
[EventType "swiss"]
[EventRounds "9"]
[EventCountry "RUS"]
[SourceTitle "CBM 164 Extra"]
[Source "ChessBase"]
[SourceDate "2015.03.02"]
[SourceVersion "1"]
[SourceVersionDate "2015.03.02"]
[SourceQuality "1"]

1. e4 c5 2. Nf3 d6 3. c3 Nf6 4. Be2 Nc6 5. d3 g6 6. 0-0 Bg7 7. d4 0-0 8. d5 Nb8 9. Nfd2 e5 10. a4 Ne8 11. Na3 f5 12. exf5 gxf5 13. f4 e4 14. Nac4 Nf6 15. Ne3 Qe7 16. Ndc4 Na6 17. Bd2 Nc7 18. Be1 Kh8 19. Bh4 Rg8 20. Kh1 Bf8 21. b4 cxb4 22. cxb4 Qf7 23. Qd4 Be7 24. Nxd6 Qg6 25. Nxc8 Raxc8 26. d6 Rcd8 27. Qe5 Rxd6 28. Qxe7 Nfd5 29. Qe5+ 1-0

[Event "Nizhnij Novgorod Dubinin Memorial 22nd"]
[Site "Nizhnij Novgorod"]
[Date "2015.??.??"]
[Round "7"]
[White "Kriukov, Andrey"]
[Black "Vlasov, Vladimir"]
[Result "1/2-1/2"]
[WhiteElo "1754"]
[BlackElo "1990"]
[PlyCount "87"]
[EventDate "2015.01.03"]
[EventType "swiss"]
[EventRounds "9"]
[EventCountry "RUS"]
[SourceTitle "CBM 164 Extra"]
[Source "ChessBase"]
[SourceDate "2015.03.02"]
[SourceVersion "1"]
[SourceVersionDate "2015.03.02"]
[SourceQuality "1"]

1. e4 c5 2. Nf3 d6 3. c3 Nf6 4. Be2 g6 5. d3 Bg7 6. Nbd2 0-0 7. 0-0 Bg4 8. d4 cxd4 9. cxd4 Nc6 10. d5 Nb8 11. h3 Bxf3 12. Bxf3 Nbd7 13. Rb1 Rc8 14. b4 a5 15. a3 axb4 16. axb4 Qc7 17. Bb2 Qc2 18. Re1 Qxd1 19. Bxd1 Bh6 20. Nb3 Rc4 21. f3 Rxb4 22. g4 Rc8 23. Kg2 Nc5 24. Ba3 Rb6 25. Bxc5 Rxc5 26. Ra1 Rc3 27. Ra8+ Kg7 28. h4 Bf4 29. Nd4 Rb2+ 30. Re2 Rd2 31. Rxd2 Bxd2 32. Ne2 Rc5 33. Rb8 Rc7 34. Ba4 Be3 35. Ng3 Nd7 36. Bxd7 Rxd7 37. h5 Rc7 38. Ne2 e6 39. f4 exd5 40. exd5 h6 41. Kf3 Bc5 42. Ng3 Re7 43. g5 Re3+ 44. Kg4 1/2-1/2

[Event "Nizhnij Novgorod-ch"]
[Site "Nizhnij Novgorod"]
[Date "2014.??.??"]
[Round "6"]
[White "Vlasov, Vladimir"]
[Black "Ryabikin, Viktor"]
[Result "1/2-1/2"]
[WhiteElo "1990"]
[BlackElo "1871"]
[PlyCount "51"]
[EventDate "2014.03.??"]
[EventType "swiss"]
[EventRounds "9"]
[EventCountry "RUS"]
[SourceTitle "EXT 2016"]
[Source "ChessBase"]
[SourceDate "2015.10.08"]
[SourceVersion "1"]
[SourceVersionDate "2015.10.08"]
[SourceQuality "1"]

1. e4 d6 2. d4 Nd7 3. Nf3 e5 4. Nc3 c6 5. Be2 Be7 6. Be3 Ngf6 7. h3 0-0 8. 0-0 Qc7 9. a4 a5 10. Bc4 Nxe4 11. Nxe4 d5 12. Bxd5 cxd5 13. Nc3 e4 14. Nxd5 Qd6 15. Nxe7+ Qxe7 16. Ne1 f5 17. Qc1 h6 18. f3 Ra6 19. fxe4 fxe4 20. Rxf8+ Nxf8 21. c4 Rg6 22. Bf2 Bxh3 23. Qe3 Qe6 24. Ra3 Bf5 25. d5 Qc8 26. Qc5 1/2-1/2

[Event "Nizhnij Novgorod Region-ch"]
[Site "Nizhnij Novgorod"]
[Date "2013.10.19"]
[Round "7"]
[White "Hilova, Vlada"]
[Black "Vlasov, Vladimir"]
[Result "1/2-1/2"]
[WhiteElo "1744"]
[BlackElo "1751"]
[PlyCount "47"]
[EventDate "2013.10.19"]
[EventType "swiss"]
[EventRounds "9"]
[EventCountry "RUS"]
[SourceTitle "EXT 2022"]
[Source "ChessBase"]
[SourceDate "2021.10.06"]
[SourceVersion "1"]
[SourceVersionDate "2021.10.06"]
[SourceQuality "1"]

1. d4 Nf6 2. Nf3 g6 3. Bf4 d5 4. h3 Bg7 5. e3 0-0 6. Bd3 c5 7. c4 Nc6 8. Nc3 cxd4 9. exd4 Nh5 10. Be3 e5 11. Nxd5 exd4 12. Bg5 Re8+ 13. Be2 Bf6 14. Bxf6 Nxf6 15. Nxd4 Nxd5 16. Nxc6 bxc6 17. cxd5 Qa5+ 18. Qd2 Qxd2+ 19. Kxd2 Bf5 20. Rhd1 cxd5 21. Ke1 Rac8 22. Rd2 Re7 23. Rad1 Rce8 24. Kf1 1/2-1/2

[Event "Nizhnij Novgorod Region-ch"]
[Site "Nizhnij Novgorod"]
[Date "2013.10.19"]
[Round "8"]
[White "Ikonnikov, Georgy"]
[Black "Vlasov, Vladimir"]
[Result "1-0"]
[WhiteElo "1941"]
[BlackElo "1751"]
[PlyCount "77"]
[EventDate "2013.10.19"]
[EventType "swiss"]
[EventRounds "9"]
[EventCountry "RUS"]
[SourceTitle "EXT 2022"]
[Source "ChessBase"]
[SourceDate "2021.10.06"]
[SourceVersion "1"]
[SourceVersionDate "2021.10.06"]
[SourceQuality "1"]

1. d4 Nf6 2. Nf3 g6 3. g3 d5 4. Nc3 Bg7 5. Bg2 0-0 6. 0-0 c5 7. dxc5 Nc6 8. Bf4 d4 9. Nb5 Nd5 10. Bd2 Nc7 11. Nxc7 Qxc7 12. b4 e5 13. Ne1 Bf5 14. Rb1 e4 15. Qc1 Qd7 16. Bh6 Rad8 17. Bxg7 Kxg7 18. Qb2 Bg4 19. f3 exf3 20. exf3 Bf5 21. Nd3 Kg8 22. f4 a6 23. Rbe1 Rfe8 24. Ne5 Nxe5 25. fxe5 Qc7 26. Qc1 d3 27. cxd3 Bxd3 28. Rf2 Rxe5 29. Rxe5 Qxe5 30. Bxb7 Re8 31. Qf4 Qe1+ 32. Kg2 Qe6 33. Qf6 Qd7 34. Bc6 Be4+ 35. Bxe4 Rxe4 36. c6 Qd5 37. Qf3 f5 38. Re2 Qd8 39. c7 1-0

[Event "Nizhnij Novgorod Region-ch"]
[Site "Nizhnij Novgorod"]
[Date "2012.10.11"]
[Round "?"]
[White "Vlasov, Vladimir"]
[Black "Kuznetsov, Stanislav"]
[Result "1/2-1/2"]
[WhiteElo "1994"]
[BlackElo "2086"]
[PlyCount "83"]
[EventDate "2012.10.06"]
[EventType "swiss"]
[EventRounds "9"]
[EventCountry "RUS"]
[SourceTitle "EXT 2022"]
[Source "ChessBase"]
[SourceDate "2021.10.06"]
[SourceVersion "1"]
[SourceVersionDate "2021.10.06"]
[SourceQuality "1"]

1. e4 c6 2. d4 d5 3. f3 dxe4 4. fxe4 e5 5. Nf3 Be6 6. c3 exd4 7. cxd4 Nf6 8. Nc3 Bb4 9. Bd3 Nbd7 10. 0-0 h6 11. a3 Ba5 12. Bd2 Bb6 13. Kh1 Bg4 14. e5 Nd5 15. Nxd5 cxd5 16. Be3 Nxe5 17. dxe5 Bxe3 18. Bb5+ Kf8 19. h3 Be6 20. Qd3 Qb6 21. Nh4 Kg8 22. Nf5 Bc5 23. b4 Bf8 24. Nd4 g6 25. Nxe6 Qxe6 26. Rad1 Qxe5 27. Qxd5 Qxd5 28. Rxd5 Rh7 29. Rd7 f5 30. Bc4+ Kh8 31. Bf7 b6 32. Rc1 a5 33. bxa5 Bxa3 34. Rcc7 bxa5 35. Bxg6 Rxd7 36. Rxd7 f4 37. Kg1 Bc5+ 38. Kf1 a4 39. Rc7 Bd4 40. Bf7 a3 41. Ba2 Rb8 42. Rc2 1/2-1/2

[Event "Nizhnij Novgorod Region-ch"]
[Site "Nizhnij Novgorod"]
[Date "2012.10.09"]
[Round "?"]
[White "Vlasov, Vladimir"]
[Black "Ruzanov, Vadim"]
[Result "1-0"]
[WhiteElo "1994"]
[BlackElo "1894"]
[PlyCount "65"]
[EventDate "2012.10.06"]
[EventType "swiss"]
[EventRounds "9"]
[EventCountry "RUS"]
[SourceTitle "EXT 2022"]
[Source "ChessBase"]
[SourceDate "2021.10.06"]
[SourceVersion "1"]
[SourceVersionDate "2021.10.06"]
[SourceQuality "1"]

1. e4 Nf6 2. e5 Nd5 3. d4 d6 4. Nf3 Bf5 5. Bc4 dxe5 6. Nxe5 e6 7. 0-0 Be7 8. Bxd5 exd5 9. Nc3 0-0 10. Ne2 Nd7 11. Ng3 Be6 12. Nd3 Nf6 13. Bg5 h6 14. Bxf6 Bxf6 15. Nf4 Bc8 16. c3 b6 17. Nd3 Ba6 18. Re1 Re8 19. Ne5 Bxe5 20. dxe5 Bb7 21. Qg4 Qg5 22. Qf5 g6 23. Qxg5 hxg5 24. Re3 Ba6 25. Rd1 c6 26. Rd4 f5 27. exf6 Rxe3 28. fxe3 Re8 29. e4 Bc4 30. b3 c5 31. Rd2 Ba6 32. Rxd5 Bb7 33. Rd7 1-0

[Event "Nizhnij Novgorod Region-ch"]
[Site "Nizhnij Novgorod"]
[Date "2012.10.08"]
[Round "?"]
[White "Vlasov, Vladimir"]
[Black "Makarov, Konstantin"]
[Result "1-0"]
[WhiteElo "1994"]
[BlackElo "2066"]
[PlyCount "51"]
[EventDate "2012.10.06"]
[EventType "swiss"]
[EventRounds "9"]
[EventCountry "RUS"]
[SourceTitle "EXT 2022"]
[Source "ChessBase"]
[SourceDate "2021.10.06"]
[SourceVersion "1"]
[SourceVersionDate "2021.10.06"]
[SourceQuality "1"]

1. e4 c5 2. c3 d5 3. exd5 Qxd5 4. d4 e6 5. Nf3 Nc6 6. Na3 cxd4 7. Nb5 Bd6 8. cxd4 a6 9. Nc3 Bb4 10. Bd2 Bxc3 11. bxc3 Nf6 12. Bd3 0-0 13. 0-0 b5 14. Re1 Bb7 15. Bg5 Nd7 16. Be4 Qd6 17. Bh4 f5 18. Bc2 Kh8 19. Ng5 e5 20. dxe5 Qxd1 21. Raxd1 Ncxe5 22. f4 Ng6 23. Rxd7 Bc8 24. Rc7 Nxh4 25. Ree7 Bd7 26. Rcxd7 1-0

[Event "Kstovo Chess Hopes op"]
[Site "Kstovo"]
[Date "2012.07.??"]
[Round "8"]
[White "Vlasov, Vladimir"]
[Black "Kulagina, Ekaterina"]
[Result "1-0"]
[WhiteElo "1994"]
[BlackElo "1736"]
[PlyCount "51"]
[EventDate "2012.07.??"]
[EventType "swiss"]
[EventRounds "9"]
[EventCountry "RUS"]
[SourceTitle "EXT 2014"]
[Source "ChessBase"]
[SourceDate "2013.11.20"]
[SourceVersion "1"]
[SourceVersionDate "2013.11.20"]
[SourceQuality "1"]

1. e4 c5 2. c3 d5 3. exd5 Qxd5 4. d4 Nf6 5. Nf3 Bg4 6. Nbd2 e6 7. Bc4 Qd8 8. h3 Bh5 9. 0-0 Nc6 10. g4 Bg6 11. Nb3 cxd4 12. Nbxd4 Nxd4 13. Nxd4 a6 14. Bg5 Be7 15. Qe2 0-0 16. Rfe1 Qa5 17. Bh4 Rfe8 18. Rad1 Ne4 19. Bxe7 Rxe7 20. f3 Nf6 21. Bb3 Rae8 22. Qe5 Qb6 23. Ba4 Nd7 24. Bxd7 Rxd7 25. Kh1 Rd5 26. Qxd5 1-0

[Event "Nizhnij Novgorod U20"]
[Site "Nizhnij Novgorod"]
[Date "2012.02.13"]
[Round "?"]
[White "Korchagina, Alena"]
[Black "Vlasov, Vladimir"]
[Result "0-1"]
[WhiteElo "1676"]
[BlackElo "1636"]
[PlyCount "80"]
[EventDate "2012.02.10"]
[EventType "swiss"]
[EventRounds "7"]
[EventCountry "RUS"]
[SourceTitle "EXT 2022"]
[Source "ChessBase"]
[SourceDate "2021.10.06"]
[SourceVersion "1"]
[SourceVersionDate "2021.10.06"]
[SourceQuality "1"]

1. e4 c5 2. Nf3 d6 3. d4 cxd4 4. Nxd4 Nf6 5. f3 e5 6. Bb5+ Nbd7 7. Nf5 d5 8. exd5 a6 9. Bxd7+ Bxd7 10. Ne3 Bc5 11. Nc3 0-0 12. Nc4 Re8 13. Be3 Qc7 14. Qe2 e4 15. f4 Bxe3 16. Nxe3 b5 17. 0-0-0 b4 18. d6 Qa5 19. Ncd5 Nxd5 20. Nxd5 Qxa2 21. b3 e3 22. Nxe3 Qa1+ 23. Kd2 Qc3+ 24. Kc1 Rxe3 25. Qc4 Qxc4 26. bxc4 a5 27. c5 Rc3 28. Rd5 Bc6 29. Re5 Re8 30. Rd1 Rxe5 31. fxe5 Rxc5 32. d7 Bxd7 33. Rxd7 Kf8 34. Rd8+ Ke7 35. Rh8 h6 36. Ra8 b3 37. Kb2 bxc2 38. Kc1 Ke6 39. Ra7 Rxe5 40. Kxc2 Re2+ 0-1

[Event "Nizhnij Novgorod U20"]
[Site "Nizhnij Novgorod"]
[Date "2012.02.10"]
[Round "?"]
[White "Vlasov, Vladimir"]
[Black "Semenov, Maxim"]
[Result "1/2-1/2"]
[WhiteElo "1636"]
[BlackElo "1940"]
[PlyCount "112"]
[EventDate "2012.02.10"]
[EventType "swiss"]
[EventRounds "7"]
[EventCountry "RUS"]
[SourceTitle "EXT 2022"]
[Source "ChessBase"]
[SourceDate "2021.10.06"]
[SourceVersion "1"]
[SourceVersionDate "2021.10.06"]
[SourceQuality "1"]

1. e4 e6 2. d4 d5 3. Nc3 Bb4 4. e5 c5 5. a3 Bxc3+ 6. bxc3 Ne7 7. Nf3 Nbc6 8. a4 0-0 9. Bd3 f6 10. Ba3 Qa5 11. Qd2 fxe5 12. dxe5 Bd7 13. 0-0 Rxf3 14. gxf3 Nxe5 15. Qe3 Nxd3 16. cxd3 Rc8 17. Rfc1 Nf5 18. Qe5 Rf8 19. d4 Nh4 20. Kh1 Nxf3 21. Qd6 Qd8 22. Bxc5 Rf5 23. Qg3 e5 24. Rg1 Nxg1 25. Rxg1 g6 26. f3 e4 27. fxe4 dxe4 28. c4 b6 29. Bb4 Bxa4 30. d5 b5 31. Qg4 Qd7 32. Qxe4 bxc4 33. Qxc4 Rxd5 34. Qf4 Rf5 35. Qc4+ Rf7 36. Rf1 Bc6+ 37. Kg1 Bd5 38. Rxf7 Bxf7 39. Qc5 Qg4+ 40. Kf2 Qh4+ 41. Kg1 Qg4+ 42. Kf2 Qf4+ 43. Kg1 Be6 44. Qd6 Qe3+ 45. Kh1 Qc1+ 46. Kg2 Qb2+ 47. Kg1 Qa1+ 48. Kf2 Qf6+ 49. Kg1 h5 50. Qb8+ Kh7 51. Qxa7+ Bf7 52. Qc5 h4 53. Bc3 Qf4 54. Qe5 Qg4+ 55. Kf2 Qf5+ 56. Qxf5 gxf5 1/2-1/2

[Event "Zvenigorod Autumn op-B"]
[Site "Zvenigorod"]
[Date "2008.09.28"]
[Round "6"]
[White "Vlasov, Vladimir"]
[Black "Pak, Alexander"]
[Result "1-0"]
[WhiteElo "2026"]
[BlackElo "1855"]
[PlyCount "81"]
[EventDate "2008.09.25"]
[EventType "swiss"]
[EventRounds "9"]
[EventCountry "RUS"]
[SourceTitle "EXT 2022"]
[Source "ChessBase"]
[SourceDate "2021.10.06"]
[SourceVersion "1"]
[SourceVersionDate "2021.10.06"]
[SourceQuality "1"]

1. c4 e6 2. Nf3 Nf6 3. g3 Be7 4. Bg2 0-0 5. 0-0 d5 6. d4 Nbd7 7. Nbd2 b6 8. b3 Bb7 9. Bb2 Re8 10. Rc1 Nf8 11. Qc2 Ng6 12. Rfe1 Bd6 13. Ne5 c5 14. cxd5 exd5 15. Nxg6 hxg6 16. dxc5 bxc5 17. Nc4 Rc8 18. Nxd6 Qxd6 19. e3 Qd7 20. Red1 Re6 21. Qd3 Ba6 22. Qd2 Ree8 23. Bxf6 gxf6 24. Qxd5 Qxd5 25. Rxd5 Red8 26. h4 Rxd5 27. Bxd5 Kf8 28. e4 Ke7 29. f3 Rc7 30. Kf2 Bc8 31. b4 c4 32. Rxc4 Rxc4 33. Bxc4 f5 34. Ke3 fxe4 35. Kxe4 Bb7+ 36. Bd5 Bc8 37. g4 f5+ 38. Kf4 fxg4 39. fxg4 Kf6 40. g5+ Kg7 41. Ke5 1-0

[Event "Zvenigorod Autumn op-B"]
[Site "Zvenigorod"]
[Date "2008.09.27"]
[Round "5"]
[White "Sazonov, Artem"]
[Black "Vlasov, Vladimir"]
[Result "1-0"]
[WhiteElo "2185"]
[BlackElo "2026"]
[PlyCount "123"]
[EventDate "2008.09.25"]
[EventType "swiss"]
[EventRounds "9"]
[EventCountry "RUS"]
[SourceTitle "EXT 2022"]
[Source "ChessBase"]
[SourceDate "2021.10.06"]
[SourceVersion "1"]
[SourceVersionDate "2021.10.06"]
[SourceQuality "1"]

1. d4 Nf6 2. Nf3 e6 3. c4 d5 4. Nc3 Be7 5. Bg5 0-0 6. e3 Nbd7 7. Qc2 h6 8. Bh4 b6 9. Rc1 c5 10. cxd5 Nxd5 11. Bxe7 Nxe7 12. dxc5 Nxc5 13. b4 Nd7 14. Be2 Bb7 15. 0-0 Nf6 16. Rfd1 Qc7 17. Qb2 Qb8 18. Nb5 a6 19. Nd6 Bd5 20. Nc4 b5 21. Na5 Rc8 22. Ne5 Rxc1 23. Rxc1 Qb6 24. a3 Rd8 25. Bf3 Bxf3 26. Nxf3 Rd5 27. Qc2 Rd8 28. Kf1 Qd6 29. Ke2 Qd5 30. Rd1 Qxd1+ 31. Qxd1 Rxd1 32. Kxd1 Ne4 33. Ke2 Nd5 34. Nd4 Nec3+ 35. Kd3 Nb1 36. Nc2 e5 37. Nc6 f6 38. Nb8 Nc7 39. f4 Kf7 40. Nd7 Ke6 41. Nc5+ Kd6 42. f5 Kc6 43. Ne4 Kd5 44. g4 Ne8 45. h4 Nd6 46. Nc5 e4+ 47. Ke2 a5 48. Ne6 axb4 49. axb4 Ne8 50. Ncd4 Kc4 51. g5 hxg5 52. hxg5 fxg5 53. Nxg7 Nf6 54. Nde6 g4 55. Nf4 Kxb4 56. Ngh5 Nc3+ 57. Kf2 Ncd5 58. Nxd5+ Nxd5 59. f6 Nc7 60. Nf4 Ka3 61. f7 b4 62. f8Q 1-0

[Event "Zvenigorod Autumn op-B"]
[Site "Zvenigorod"]
[Date "2008.09.27"]
[Round "4"]
[White "Vlasov, Vladimir"]
[Black "Motruk, Oleg"]
[Result "1-0"]
[WhiteElo "2026"]
[BlackElo "1656"]
[PlyCount "63"]
[EventDate "2008.09.25"]
[EventType "swiss"]
[EventRounds "9"]
[EventCountry "RUS"]
[SourceTitle "EXT 2022"]
[Source "ChessBase"]
[SourceDate "2021.10.06"]
[SourceVersion "1"]
[SourceVersionDate "2021.10.06"]
[SourceQuality "1"]

1. c4 Nf6 2. Nf3 d6 3. Nc3 g6 4. d4 Bg7 5. e4 0-0 6. Be2 Nbd7 7. 0-0 e5 8. d5 Nc5 9. Qc2 a5 10. h3 Nfd7 11. Bg5 f6 12. Be3 f5 13. exf5 gxf5 14. Ng5 h6 15. Ne6 Nxe6 16. dxe6 Nb8 17. e7 Qxe7 18. Nd5 Qd8 19. f4 Be6 20. fxe5 dxe5 21. Rad1 Bxd5 22. Rxd5 Qf6 23. Bc5 Rf7 24. Bh5 Rd7 25. Rxf5 Qc6 26. Qf2 Rxd5 27. cxd5 Qd7 28. Bf7+ Kh8 29. Be6 Qe8 30. Rf7 Na6 31. Be7 Nb4 32. Bf6 1-0

[Event "Zvenigorod Autumn op-B"]
[Site "Zvenigorod"]
[Date "2008.09.25"]
[Round "1"]
[White "Omariev, Maksim"]
[Black "Vlasov, Vladimir"]
[Result "1-0"]
[WhiteElo "2246"]
[BlackElo "2026"]
[PlyCount "49"]
[EventDate "2008.09.25"]
[EventType "swiss"]
[EventRounds "9"]
[EventCountry "RUS"]
[SourceTitle "EXT 2022"]
[Source "ChessBase"]
[SourceDate "2021.10.06"]
[SourceVersion "1"]
[SourceVersionDate "2021.10.06"]
[SourceQuality "1"]

1. e4 c5 2. Nf3 d6 3. d4 cxd4 4. Nxd4 Nf6 5. Nc3 a6 6. Bg5 e6 7. f4 Nbd7 8. Qf3 Qc7 9. 0-0-0 b5 10. Bd3 Bb7 11. Rhe1 Rc8 12. Qe2 Nc5 13. Bxf6 Nxd3+ 14. Rxd3 gxf6 15. Nd5 Qd8 16. Qh5 e5 17. Nf3 Bxd5 18. Rxd5 Qc7 19. Rd2 Be7 20. Kb1 b4 21. Nh4 a5 22. Nf5 a4 23. Ng7+ Kf8 24. Qh6 Kg8 25. Nh5 1-0